| 000 | 00431cam a2200181ua 4500 | ||
|---|---|---|---|
| 020 | _c1.00 | ||
| 041 |
_ahin _h |
||
| 082 |
_a891.54 _bSHR/GA |
||
| 100 | _aShriramnath, Suman . | ||
| 245 |
_aGandhiji ki rah / _cShriram nath suman. _hTextual Documents |
||
| 250 |
_a1 / _b. |
||
| 260 |
_aDelhi : _bRajkamal Prakash , _c1963. |
||
| 300 | _a128 ; . | ||
| 365 | _a1.00 | ||
| 504 | _a | ||
| 942 | _cBK | ||
| 999 |
_c8266 _d8266 |
||